LEADER 01031nam--2200361---450- 001 990005775530203316 005 20121105113601.0 010 $a978-88-15-23921-1 035 $a000577553 035 $aUSA01000577553 035 $a(ALEPH)000577553USA01 035 $a000577553 100 $a20121105h2012----km-y0itay50------ba 101 0 $aita 102 $aIT 105 $a||||||||001yy 200 1 $aSociologia della povertà$fEnrica Morlicchio 210 $aBologna$cIl Mulino$d2012 215 $a237 p.$d21 cm 225 2 $aItinerari$iSociologia 410 0$12001$aItinerari$iSociologia 606 0 $aPovertà$yItalia$xSociologia 676 $a305.5690945 700 1$aMORLICCHIO,$bEnrica$0143727 801 0$aIT$bsalbc$gISBD 912 $a990005775530203316 951 $aII.5. 7257$b238608 L.M.$cII.5.$d00317272 959 $aBK 969 $aUMA 979 $aPASSARO$b90$c20121105$lUSA01$h1133 979 $aPASSARO$b90$c20121105$lUSA01$h1136 996 $aSociologia della povertà$9837854 997 $aUNISA LEADER 01262nam 2200385 450 001 9910412067303321 005 20230822015110.0 035 $a(CKB)5280000000243304 035 $a(NjHacI)995280000000243304 035 $a(EXLCZ)995280000000243304 100 $a20230822d2019 uy 0 101 0 $aeng 135 $aur||||||||||| 181 $ctxt$2rdacontent 182 $cc$2rdamedia 183 $acr$2rdacarrier 200 10$aProceedings of the 2nd International ACM Workshop on Security and Privacy for the Internet-of-Things /$fPeng Liu 210 1$aNew York, NY :$cAssociation for Computing Machinery,$d2019. 210 4$d©2019 215 $a1 online resource (65 pages) 311 $a1-4503-6838-7 606 $aComputers$xAccess control 606 $aComputers$xAccess control$vCongresses 606 $aInternet of things 615 0$aComputers$xAccess control. 615 0$aComputers$xAccess control 615 0$aInternet of things. 676 $a005.8 700 $aLiu$b Peng$01271805 801 0$bNjHacI 801 1$bNjHacl 906 $aBOOK 912 $a9910412067303321 996 $aProceedings of the 2nd International ACM Workshop on Security and Privacy for the Internet-of-Things$93428059 997 $aUNINA LEADER 01597cam a2200289 4500 001 991003183999707536 005 20250430130139.0 008 940711s1808 it f b 000 0 ita d 035 $ab14294217-39ule_inst 035 $aCICOGNARA-A2012-0063$9ExL 040 $aBibl. Interfacoltà T. Pellegrino$bita 100 1 $aBenvenuti, Nicola.$0245091 245 10$aCorso elementare di disegno diviso in quaranta tavole tratte dalle più eccellenti opere greche e da alcune pitture di Raffaello$cdisegnate da Nicola Benvenuti, incise e pubblicate da Giuseppe Calendi, diretto da Pietro Benvenuti e Raffaello Morghen. 260 $aFirenze$b[Giuseppe Calendi]$c1808. 300 $a[1] p. :$b40 tav.; $c62 cm. 500 $aRiproduzione in microfiche dell'originale conservato presso la Biblioteca Apostolica Vaticana 700 1 $aMorghen, Raffaello$d<1761-1833> 700 1 $aBenvenuti, Pietro$d1769-1844> 700 1 $aCalendi, Giuseppe$d 787 18$iLeopoldo Cicognara Program :$tBiblioteca Cicognara$h[microform] : literary sources in the history of art and kindred subjects 787 18$tCatalogo ragionato dei libri d'arte e d'antichità / Leopoldo Cicognara 907 $a.b14294217$b01-04-22$c28-07-16 912 $a991003183999707536 945 $aLE002 SB Raccolta Cicognara, mcrf 294$g0$lle002$pE0.00$rn$so $t11$u0$v0$w0$x0$y.i15765684$z28-07-16 996 $aCorso elementare di disegno diviso in quaranta tavole tratte dalle più eccellenti opere greche e da alcune pitture di Raffaello$91391274 997 $aUNISALENTO 998 $ale002$b28-07-16$cm$dg $e-$fita$git $h0$i1